Top 39 Fast-Food Restaurants (US) - Statistics

General Stats
  • This quiz has been taken 150 times
  • The average score is 18 of 39
Answer Stats
Rank Restaurant % Correct
10 McDonalds
99%
21 Burger King
92%
3 Wendys
82%
7 KFC
81%
6 Taco Bell
80%
8 Subway
76%
36 Starbucks
72%
38 In n Out
69%
17 Dominos
68%
13 Pizza Hut
67%
9 Dunkin
66%
16 Chick-fil-a
64%
24 Chipotle
62%
18 Popeyes
60%
15 Arbys
54%
2 Dairy Queen
50%
11 Five Guys
49%
30 Hardees
49%
23 Little Caesars
49%
20 Papa Johns
48%
32 Panda Express
44%
19 Sonic
42%
35 Jack In the Box
39%
25 White Castle
39%
34 Whataburger
37%
26 Jersey Mikes
30%
39 Wingstop
29%
28 Culvers
26%
31 Jimmy Johns
26%
5 Krispy Kreme
26%
33 Firehouse Subs
18%
14 Panera Bread
16%
12 A&W
12%
37 Long John Silvers
12%
1 Baskin Robins
10%
29 Steak n Shake
9%
27 Auntie Anne
5%
4 Cinnabon
5%
22 Cold Stone
3%
No matching quizzes found
Score Distribution
Percent of People with Each Score
Percentile by Number Answered
Your Score History
You have not taken this quiz